| 000 | 02031nam a2200349Ia 4500 | ||
|---|---|---|---|
| 999 |
_c2021 _d2021 |
||
| 001 | 371339 | ||
| 003 | CCE-Tungurahua | ||
| 005 | 20220621132314.0 | ||
| 007 | ta | ||
| 008 | 130917s20072009ec gr 001 0 spa d | ||
| 017 |
_a003948 _bIEPI |
||
| 020 | _a978-9942-00-303-4 (Obra completa) | ||
| 040 | _aEcQuBN | ||
| 041 | 1 | _aspa | |
| 082 |
_a986.625 3 _bA5433 |
||
| 084 | _aFER2Lb017628 | ||
| 100 | 1 |
_aAnda Aguirre, Alfonso, _d1919-2012 _9542 |
|
| 245 | 1 | 0 |
_aRelatos de la historia de Loja a través de los siglos _cAlfonso Anda |
| 250 | _aPrimera edición | ||
| 260 |
_a[Loja], Ecuador : _bUniversidad Técnica Particular de Loja : _bCasa de la Cultura Ecuatoriana. Núcleo de Loja, _c2007 |
||
| 300 |
_a4 tomos ; _c21 cm |
||
| 336 |
_atexto _btxt |
||
| 337 |
_ano mediado _bn |
||
| 338 |
_avolumen _bnc |
||
| 490 | 1 |
_aRememora ; _v6 |
|
| 500 | _aIEPI 003948 19-02-2008 (Tomo 3, ejemplar 1) | ||
| 505 | _aTomo 1: Escritura de Fundación de Capellanía de Mercadillo, Blasones de Loja, Acotaciones históricas, El escudo de armas de la ciudad de Loja, Conquista de los colorados... -- Tomo 2: Carta de obligación de Doña Elena de Guevara y de su hijo Francisco Pacheco, año 1611, Probanza de Don Gonzalo Torres Hinojosa, Carta de dote de Doña Teresa Flores, Carta del Cabildo de Zaruma a la Real Audiencia de Quito, Alonso y Pablo de Fuentes encomiendas de Santa María de la nueva... -- Toma 3 : Escritura de compromiso para la Guaca de quinara, Testamento de Don ambrosio Hurtado, vecino de Cuenca, El vecino de Loxa, Don Miguel Carrión y Vaca pide estrados a la Real Audiencia de Quito en 1761, Poder, El libertador de Filipinas, Doña Micaela del Castillo da un poder a Francisco Mosquera... -- Tomo 4: Ramón Pinto y Valdemoros, Don Juan José Burneo -- Los esposos Sucre Cancelén, Albores de la Universidad Nacional de Loja, Indígenas declarados a media reserva por sus defectos físicos... | ||
| 590 | _almg | ||
| 651 |
_aLoja (Ecuador) _xHistoria _917435 |
||
| 942 |
_2loc _cBK |
||